| 000 | 01524nam a2200373 c 4500 | ||
|---|---|---|---|
| 001 | 59906 | ||
| 003 | CO-BoRNBP | ||
| 005 | 20251112133049.0 | ||
| 007 | ta | ||
| 008 | 210831s20142016sp a jr 001 0dspa d | ||
| 020 | _a9788425227387 | ||
| 040 |
_aCO-BoRNBP _bspa _erda _cCO-BoRNBP |
||
| 041 | 1 |
_aspa _aeng |
|
| 082 | 0 | 4 |
_a741.2 _bP39e _222 |
| 100 |
_aPiyasena, Sam _dautora _eaut _967118 |
||
| 245 | 1 | 0 |
_aExplorar el dibujo : _bun curso de dibujo entretenido, ágil y apto para cualquier persona / _cSam Piyasena, Beverly Philp ; traducción Darío Giménez. |
| 250 | _aPrimera edición | ||
| 264 | 1 |
_aBarcelona, España : _bEditorial Gustavo Gili, _c2016 |
|
| 300 |
_a160 páginas : _bilustraciones, fotografías a color |
||
| 336 |
_atexto _btxt _2rdacontent |
||
| 337 |
_asin mediación _bn _2rdamedia |
||
| 338 |
_avolumen _bnc _2rdacarrier |
||
| 500 | _aEl material correspondiente a la dotación PNLB 2022 con código RURAL-2022-00352, corresponde a la primera edición de 2016 | ||
| 500 | _aIncluye glosario e índice alfabético | ||
| 521 | _aRecomendado para un público mayor de 15 años | ||
| 545 | _aIncluye datos biográficos del autor en la contracarátula | ||
| 650 | 0 | 7 |
_aDibujo _xLiteratura juvenil _vNovela _2lemb _967119 |
| 650 | 0 | 7 |
_aDibujo _xLiteratura juvenil _vVideocasetes _2lemb _967120 |
| 650 | 0 | 7 |
_aDibujo _xEnseñanza _xLiteratura juvenil _2lemb _967121 |
| 700 |
_aGiménez, Darío _dtraductor _etrl _967122 |
||
| 700 |
_aPhilp, Beverly _eaut _967123 |
||
| 942 |
_2ddc _cBK |
||
| 999 |
_c59906 _d59906 |
||